Mathematiker A-Z - Statistiken

Allgemein
  • Dieses Quiz wurde 456 mal gespielt
  • Das Durchschnittsergebnis liegt bei 8 aus 26
Antwortstatistiken
Hint Antwort % Korrekt
P Antiker Philosoph und Mathematiker. Bewies, dass bei rechtwinkligen Dreiecken a^2+b^2=c^2 gilt Pythagoras
89%
E Schweizer Mathematiker, Namensgeber der Zahl e, führte einen Großteil der mathematischen Notation ein, wichtige Arbeit mit komplexen Zahlen Leonhard Euler
86%
F Italienischer Mathematiker des Mittelalters, bekannt für seine Zahlenfolge 1,1,2,3,5,8,13,21..., Leonardo Fibonacci
82%
G Deutscher Mathematiker, bekannt u.a. für die Normalverteilung, das Eliminationsverfahren zur Lösung von Gleichungssystemen oder die imaginäre Zahlenebene Carl Friedrich Gauß
81%
O Mathematiker, der den Begriff des goldenen Schnitts einführte, Bruder des Namensgebers der Einheit für elektrischen Widerstand Martin Ohm
67%
A Antikes Universalgenie, erkannte, dass Pi für Umfangs- und Flächenberechnung von Kreisen verwendet werden muss, berechnete Fläche unter Parabel Archimedes
62%
L Entwickelte die Infinitismalrechnung, führte das Integralzeichen ein, entwickelte ein Konvergenzkriterium für unendliche Reihen, Namensgeber von Butterkeksen Gottfried Wilhelm Leibniz
61%
D Philosoph und Mathematiker, Namensgeber des kartesischen Koordinatensystems, auch bekannt für sein Zitat "Ich denke, also bin ich" René Descartes
45%
R Stellte die Zeta-Funktion auf, stellte unbewiesene Vermutung zur Verteilung von Primzahlen auf, entwickelte einen Tensor zur Beschreibung von Raumkrümmungen Bernhard Riemann
40%
T Wichtiger Pionier der Informatik, insbesondere für seine Entschlüsselung der Enigma-Codes im 2. Weltkrieg bekannt Alan Turing
39%
H Stellte eine Liste von ungelösten Problemen der Mathematik sowie ein Programm zum Aufstellen der Grundaxiome der Mathematik auf, entwickelte den unendlichdimensionalen Funktionalraum der Quantenphysik David Hilbert
36%
M Begründer der Topologie, Namensgeber des Bandes, welches eine nicht orientierbare (einseitige) Fläche im dreidimensionalen Raum ist August Ferdinand Möbius
35%
W Entwickelte mit Bolzano einen Satz über die Existenz konvergenter Teilfolgen, entwickelte das ϵ-δ-Kriterium der Stetigkeit Karl Weierstraß
31%
N Mathematikerin, die bestimmten Ringen und Moduln ihren Namen gibt, wenn diese keine unendliche Schachtelung von immer größeren Unterstrukturen enthalten können. Außerdem für die Beziehungen von Symmetrien und Erhaltungsgrößen bekannt Emmy Noether
23%
K Namensgeber einer Flasche, einer nicht orientierbaren, randlosen Fläche, sowie einer Vierergruppe in der Gruppentheorie Felix Klein
23%
J Entwickelte die Matrix aller partiellen Ableitungen einer Funktion, entwickelte die elliptischen Funktionen und Thetafunktionen Carl Gustav Jakob Jacobi
22%
Y Chinesischer Mathematiker des Mittelalters, schrieb zwei wichtige Rechenbücher, entwickelte einen Vorgänger des Horner-Schemas Li Ye
4%
X Chinesisch-Amerikanischer Mathematiker, der das Painlevé-Problem löste Zhihong Xia
4%
C Persisches mittelalterliches Universalgenie, Namensgeber des Algorithmuses, führte die arabischen Zahlen ein al-Chwarizmi
2%
B Indischer mittelalterlicher Mathematiker, rechnete mit negativen Zahlen und Null, formulierte die Eieraufgabe Brahmagupta
2%
V Nasa-Mitarbeiterin, die Berechnungen für den Wettlauf ins All machte, Hauptprotagonistin des Films "Hidden Figures" Dorothy Vaughan
2%
U Erste weibliche Abelspreisträgerin, arbeitete an der Entfernbarkeit von Singularitäten bei Yang-Mills-Gleichungen und mit harmonische Abbildungen Karen Uhlenbeck
2%
I Entwickler der Programmiersprachen APL und J Kenneth E. Iverson
1%
S Deutscher Mathematiker der Reformationszeit, beschäftigte sich als erster mit Logarithmen Michael Stifel
1%
Q Mittelalterlicher arabischer Mathematiker, veralgemeinerte den Satz von P, entwickelte einen Satz zum Finden von befreundeten Zahlen Thabit ibn Qurra
0%
Z Astronomin und Mathematikerin in Qing-China, erklärte Mondfisternisse und führte Methoden zur Wettervorhersage ein Wang Zhenyi
0%
Keine übereinstimmenden Quizze gefunden
Verteilung der Resultate
Anzahl Personen mit jedem Resultat
Perzentil nach korrekt beantworteten Fragen
Ihre Resultats-Entwicklung
Sie haben dieses Quiz noch nicht gespielt